Statistics for 100 Most Populous Cities in Canada

Click here to take the quiz!

General Stats

  • This quiz has been taken 2,744 times
    (1,571 since last reset)
  • The average score is 33 of 98

Answer Stats

PopulationCity% Correct
2,615,060Toronto
100%
1,649,519Montreal
97%
603,502Vancouver
97%
1,096,833Calgary
94%
812,201Edmonton
94%
883,391Ottawa
94%
516,622Quebec City
91%
663,617Winnipeg
85%
390,096Halifax
80%
193,100Regina
76%
222,189Saskatoon
75%
80,017Victoria
75%
366,151London
74%
70,063Saint John
71%
519,949Hamilton
68%
108,359Thunder Bay
58%
210,891Windsor
58%
713,443Mississauga
57%
106,172St.John's
47%
219,153Kitchener
46%
82,997Niagara Falls
46%
523,911Brampton
42%
123,363Kingston
42%
468,251Surrey
42%
160,274Greater Sudbury
41%
117,312Kelowna
41%
69,074Moncton
41%
56,224Fredericton
40%
401,553Laval
39%
90,564Red Deer
39%
131,338Trois-Rivieres
39%
85,678Kamloops
38%
265,349Gatineau
37%
149,607Oshawa
36%
154,601Sherbrooke
36%
190,473Richmond
35%
121,688Guelph
33%
135,711Barrie
32%
60,005Medicine Hat
32%
223,218Burnaby
31%
133,497Abbotsford
30%
301,709Markham
30%
83,810Nanaimo
30%
75,141Sault Ste. Marie
30%
98,780Waterloo
30%
71,974Prince George
29%
288,301Vaughan
29%
83,517Lethbridge
27%
84,412North Vancouver
27%
78,698Peterborough
26%
131,400St. Catharines
26%
175,779Burlington
25%
182,520Oakville
25%
72,366Sarnia
25%
144,746Saguenay
23%
126,748Cambridge
22%
126,456Coquitlam
22%
53,651North Bay
22%
109,600Ajax
21%
93,650Brantford
21%
49,454Belleville
20%
185,541Richmond Hill
20%
103,671Chatham-Kent
19%
77,936Chilliwack
19%
231,409Longueuil
19%
138,769Levis
18%
104,177Langley
17%
84,362Milton
17%
79,978Newmarket
17%
88,721Pickering
17%
99,863Delta
16%
71,852Drummondville
16%
122,022Whitby
16%
56,342Port Coquitlam
14%
50,631Welland
14%
68,456Saint-Jerome
13%
53,203Aurora
12%
55,032Grande Prairie
12%
76,052Maple Ridge
12%
63,433Granby
11%
92,394Saint-Jean-sur-Richelieu
11%
106,322Terrebonne
11%
79,273Brossard
10%
109,752Saanich
10%
50,060Shawinigan
10%
73,214Kawartha Lakes
9%
61,466St. Albert
9%
82,000Repentigny
8%
53,236Saint-Hyacinthe
8%
53,510Blainville
7%
59,460Caledon
7%
59,008Halton Hills
7%
63,175Norfolk County
6%
65,565Wood Buffalo
6%
84,548Clarington
5%
65,976New Westminster
5%
92,490Strathcona County
4%
49,637Dollard-des-Ormeaux
3%

Score Distribution

Percentile by Number Answered

Percent of People with Each Score

Your Score History

You have not taken this quiz since the last reset